<?xml version="1.0" encoding="UTF-8"?>
<record
    xmlns:xsi="http://www.w3.org/2001/XMLSchema-instance"
    xsi:schemaLocation="http://www.loc.gov/MARC21/slim http://www.loc.gov/standards/marcxml/schema/MARC21slim.xsd"
    xmlns="http://www.loc.gov/MARC21/slim">

  <leader>01436nam a22002177a 4500</leader>
  <controlfield tag="005">20220318111513.0</controlfield>
  <controlfield tag="008">220317b           ||||| |||| 00| 0 eng d</controlfield>
  <datafield tag="040" ind1=" " ind2=" ">
    <subfield code="c">Aloy</subfield>
  </datafield>
  <datafield tag="041" ind1=" " ind2=" ">
    <subfield code="a">kan</subfield>
  </datafield>
  <datafield tag="082" ind1=" " ind2=" ">
    <subfield code="2">23</subfield>
    <subfield code="a">K894.301</subfield>
    <subfield code="b">YASU</subfield>
  </datafield>
  <datafield tag="100" ind1=" " ind2=" ">
    <subfield code="a">Yashaswini Kadri: &#xCAF;&#xCB6;&#xCB8;&#xCCD;&#xCB5;&#xCBF;&#xCA8;&#xCBF; &#xC95;&#xCA6;&#xCCD;&#xCB0;&#xCBF; </subfield>
    <subfield code="9">24149</subfield>
  </datafield>
  <datafield tag="245" ind1=" " ind2=" ">
    <subfield code="a">Uooru helada kathe: &#xC8A;&#xCB0;&#xCC1; &#xCB9;&#xCC7;&#xCB3;&#xCA6; &#xC95;&#xCA5;&#xCC6; </subfield>
  </datafield>
  <datafield tag="260" ind1=" " ind2=" ">
    <subfield code="a">Mangaluru</subfield>
    <subfield code="b">Aakrati Ashaya Publications</subfield>
    <subfield code="c">2021</subfield>
  </datafield>
  <datafield tag="300" ind1=" " ind2=" ">
    <subfield code="a">160 p.</subfield>
    <subfield code="b">PB</subfield>
    <subfield code="c">21x14 cm.</subfield>
  </datafield>
  <datafield tag="365" ind1=" " ind2=" ">
    <subfield code="2">Kannada</subfield>
    <subfield code="a">150</subfield>
    <subfield code="b">124.50</subfield>
    <subfield code="c">&#x20B9;</subfield>
    <subfield code="d">150.00</subfield>
    <subfield code="e">15%</subfield>
    <subfield code="f">10-03-2022</subfield>
  </datafield>
  <datafield tag="520" ind1=" " ind2=" ">
    <subfield code="a">&#xCAF;&#xCB6;&#xCB8;&#xCCD;&#xCB5;&#xCBF;&#xCA8;&#xCBF;&#xCAF; &#xC95;&#xCA5;&#xCC6;&#xC97;&#xCB3;&#xCC1; &#xC93;&#xCA6;&#xCC1;&#xCA4;&#xCCD;&#xCA4;  &#xCB9;&#xCCB;&#xCA6;&#xC82;&#xCA4;&#xCC6;&#xCB2;&#xCCD;&#xCB2; &#xC92;&#xC82;&#xCA6;&#xCC1; &#xC8A;&#xCB0;&#xCA8;&#xCCD;&#xCA8;&#xCC1; &#xC95;&#xCC7;&#xC82;&#xCA6;&#xCCD;&#xCB0;&#xCB5;&#xCA8;&#xCCD;&#xCA8;&#xCBE;&#xC97;&#xCBF; &#xC87;&#xC9F;&#xCCD;&#xC9F;&#xCC1;&#xC95;&#xCCA;&#xC82;&#xCA1;&#xCC1; &#xCB8;&#xCCD;&#xCA5;&#xCB3;  &#xCAA;&#xCC1;&#xCB0;&#xCBE;&#xCA3; &#xC87;&#xCA4;&#xCBF;&#xCB9;&#xCBE;&#xCB8; &#xCB5;&#xCB0;&#xCCD;&#xCA4;&#xCAE;&#xCBE;&#xCA8;&#xC97;&#xCB3;&#xCA8;&#xCCD;&#xCA8;&#xCC1; &#xCAC;&#xCC6;&#xCB8;&#xCC6;&#xCAF;&#xCC1;&#xCA4;&#xCCD;&#xCA4;&#xCA6;&#xCC6; &#xC85;&#xCAA;&#xCCD;&#xCAA;&#xC9F; &#xCB5;&#xCBE;&#xCB8;&#xCCD;&#xCA4;&#xCB5;&#xCBF;&#xC95;&#xCC6;&#xCAF; &#xC86;&#xCB5;&#xCB0;&#xCA3;&#xCA6;&#xCB2;&#xCCD;&#xCB2;&#xCBF; &#xCAA;&#xCCD;&#xCAF;&#xCBE;&#xC82;&#xC9F;&#xCB8;&#xCBF; &#xC97;&#xCB3;&#xCA8;&#xCCD;&#xCA8;&#xCC1;  &#xCB8;&#xCCD;&#xCB0;&#xCB7;&#xCCD;&#xC9F;&#xCBF;&#xCB8;&#xCC1;&#xCA4;&#xCCD;&#xCA4;&#xCA6;&#xCC6;  &#xC92;&#xC82;&#xCA6;&#xCC1; &#xC95;&#xCA5;&#xCC6;&#xCAF; &#xC92;&#xCB3;&#xC97;&#xCC6; &#xC85;&#xCA8;&#xCC7;&#xC95; &#xCAE;&#xCB0;&#xCBF; &#xC95;&#xCA5;&#xCC6;&#xC97;&#xCB3;&#xCC1; &#xCB9;&#xCC1;&#xC9F;&#xCCD;&#xC9F;&#xCBF;&#xC95;&#xCCA;&#xCB3;&#xCCD;&#xCB3;&#xCC1;&#xCA4;&#xCCD;&#xCA4;&#xCB5;&#xCC6; </subfield>
  </datafield>
  <datafield tag="650" ind1=" " ind2=" ">
    <subfield code="a">Kannada Fiction:  &#xC95;&#xCA8;&#xCCD;&#xCA8;&#xCA1; &#xC95;&#xCA5;&#xCC6;&#xC97;&#xCB3;&#xCC1; </subfield>
    <subfield code="9">24073</subfield>
  </datafield>
  <datafield tag="650" ind1=" " ind2=" ">
    <subfield code="a">Kannada Literature: &#xC95;&#xCA8;&#xCCD;&#xCA8;&#xCA1; &#xCB8;&#xCBE;&#xCB9;&#xCBF;&#xCA4;&#xCCD;&#xCAF; </subfield>
    <subfield code="9">24074</subfield>
  </datafield>
  <datafield tag="700" ind1=" " ind2=" ">
    <subfield code="a">YASHASWINI KADRI: &#xCAF;&#xCB6;&#xCB8;&#xCCD;&#xCB5;&#xCBF;&#xCA8;&#xCBF; &#xC95;&#xCA6;&#xCCD;&#xCB0;&#xCBF;  </subfield>
    <subfield code="9">24075</subfield>
  </datafield>
  <datafield tag="942" ind1=" " ind2=" ">
    <subfield code="2">ddc</subfield>
    <subfield code="c">BK</subfield>
  </datafield>
  <datafield tag="999" ind1=" " ind2=" ">
    <subfield code="c">221943</subfield>
    <subfield code="d">221943</subfield>
  </datafield>
  <datafield tag="952" ind1=" " ind2=" ">
    <subfield code="0">0</subfield>
    <subfield code="1">0</subfield>
    <subfield code="2">ddc</subfield>
    <subfield code="4">0</subfield>
    <subfield code="7">0</subfield>
    <subfield code="8">KAN</subfield>
    <subfield code="a">AL</subfield>
    <subfield code="b">AL</subfield>
    <subfield code="d">2022-03-11</subfield>
    <subfield code="e">Aakrithi Ashaya Publications, Mangaluru-575001</subfield>
    <subfield code="g">127.00</subfield>
    <subfield code="l">1</subfield>
    <subfield code="o">K894.301 YASU</subfield>
    <subfield code="p">075641</subfield>
    <subfield code="r">2022-06-06 00:00:00</subfield>
    <subfield code="s">2022-05-28</subfield>
    <subfield code="v">150.00</subfield>
    <subfield code="w">2022-03-17</subfield>
    <subfield code="y">BK</subfield>
  </datafield>
</record>
